Fiefs des hommes politiques français - Click Quiz - Statistiques

Statistiques générales
  • Ce quiz a été pris 376 fois
  • Le résultat moyen est 13 sur 20
Statistiques - réponses
Hint Réponse % Correct
François Hollande Tulle
88%
Alain Juppé Bordeaux
86%
Christian Estrosi Nice
86%
Gérard Colomb Lyon
81%
François Bayrou Pau
81%
Robert Ménard Béziers
80%
Gérald Darmanin Tourcoing
79%
Aimé Césaire Fort-de-France
75%
Pierre Mauroy Lille
75%
François Fillon Sablé-sur-Sarthe
68%
Manuel Valls Évry
66%
Jean-Marc Ayrault Nantes
59%
Jean Castex Prades
59%
Christophe Béchu Angers
55%
François Mitterrand Château-Chinon
55%
Valéry Giscard-d'Estaing Chamalières
52%
Olivier Dussopt Annonay
43%
François Léotard Fréjus
41%
Philippe Séguin Epinal
39%
Pierre Bérégovoy Nevers
39%
Aucun quiz correspondant
Distribution des résultats
% des personnes avec chaque résultat
Percentile par nombre de réponses
Votre historique - résultats
Vous n’avez pas pris ce quiz